000 00904cam a22002891a 4500
999 _c533842
_d533842
001 8270052
003 Nust
005 20200122111635.0
008 820208s1927 enk 000 1 eng
010 _a 27013647
020 _a9780007282623
_cRs. 260
035 _a(OCoLC)8137735
038 _aMSOHAIL
040 _aDLC
_cMnNC
_dOCoLC
_dDLC
050 0 0 _aPZ3.C4637
_bBi
_aPR6005.H66
082 0 0 _a823.912
_bCHR
100 1 _aChristie, Agatha,
_d1890-1976.
_92976
245 1 4 _aThe big four,
_cby Agatha Christie.
260 _aLondon [etc]
_bW. Collins sons & co., ltd.
_c1927
300 _a272 p.
_c19 cm.
600 1 0 _aPoirot, Hercule
_c(Fictitious character)
_vFiction.
_911837
650 0 _aPrivate investigators
_zEngland
_vFiction.
_911838
655 7 _aDetective and mystery stories.
_2gsafd
_92977
906 _a7
_bcbc
_coclcrpl
_du
_encip
_f19
_gy-gencatlg
942 _2ddc
_cBK